000 01449nam0a2200337 4500
001 RU\NLR\bibl\1464003
005 20260406084111.0
010 _a978-5-9539-3948-5
_95000
021 _aRU
_b2009-4459и
_9282и
035 _a(NLR Aleph) 001455747
090 _a1551539
_c1551539
100 _a20100121d2009 |||y0rusy50 ca
101 0 _arus
102 _aRU
105 _aa |||||||||
200 1 _aЛунтик
_iВолшебные цифры
_eвнутри 12 сверкающих фигурок
_e[по мультфильму
_eдля чтения взрослыми детям
_fстихи Александры Качановой
_gхудож.: Дарина Шмидт и др.]
210 _aМосква
_cЭгмонт
_dcop. 2009
215 _a[12] с.
_cцв. ил.
_d29
_eцифры в коробке
225 1 _aВеселое облачко
300 _aВ вып. дан. загл.: Волшебные цифры. Лунтик и его друзья. Веселое облачко
300 _aАвт. указ. в вып. дан.
517 0 _aЛунтик и его друзья
700 1 _aКачанова
_bА.
_gАлександра
_4070
702 1 _4040
_8rus
_7ca
_aШмидт
_bД.
_cхудожник
_f1983-
_gДарина
_3RU\NLR\auth\7752108
_935041
801 0 _aRU
_bNLR
_c20100121
_gRCR
801 1 _aRU
_bNLR
_c20100121
852 _aNLR
_jИгр/696
942 _cBOOK
980 _aNB